000 00488nam a2200193Ia 4500
005 20220601140518.0
008 140110s9999 xx 000 0 und d
020 _a9780007318681
_cRs 325
040 _aLoreto College
041 _aEnglish
082 _aF
_bCOE
100 _aCoelho, Paulo
245 4 _aThe winner stands alone
_cPaulo Coelho
260 _aLondon
_bHarperCollinsPublishers
_c2008
300 _a373p
650 _aFiction in English
850 _aLCLIB
942 _cBK
999 _c36064
_d86543